| 000 | 00909nam a22002897a 4500 | ||
|---|---|---|---|
| 001 | 6510 | ||
| 003 | FISKH | ||
| 005 | 20250507120641.0 | ||
| 008 | 250507b cb ||||| |||| 00| 0 eng d | ||
| 020 | _a033500127632 | ||
| 040 |
_aFISKH _beng _cFISKH _dFISKH |
||
| 050 | _aPZ7.M459 V | ||
| 082 | _a362.4 | ||
| 100 |
_aMayer, Mercer _d(1943-) |
||
| 245 |
_aA very special critter / _cBy Gina and Mercer Mayer |
||
| 250 | _aThis edition first published in 1992 | ||
| 260 |
_aNew York : _bGolden, _c1992 |
||
| 300 |
_a23 pages : _bcolor illustrations ; _c21 cm |
||
| 505 | _aG | ||
| 520 | _aLittle Critter discovers that the new boy in class is really not so different from anyone else, even though he is in a wheelchair. | ||
| 521 | 8 |
_a370
_bLexile |
|
| 521 | 8 |
_aG
_bRaz-Plus |
|
| 650 |
_2Fiction _aFriendship |
||
| 650 |
_2Differences _aLittle Critter |
||
| 942 |
_2ddc _cBK _n0 |
||
| 999 |
_c6510 _d6510 |
||